000 00918nam a22002297a 4500
999 _c65666
_d65666
005 20240530110837.0
008 191117s2007 ua f 000 0 ara d
017 _a2007/9663
_bمصر. دار الكتب
020 _a9774373065
040 _aEG-CaGPL
_cEG-CaGPL
082 0 4 _221
_a379.62
_bق/ ب ج
100 0 _aبثينة عبدالرؤف رمضان
245 1 0 _aجماعات الضغط والتعليم فى مصر :
_bعلاقات القوه والمصالح /
_cتاليف بثينة عبدالرؤف رمضان ؛ تقديم سامى نصار
250 _aط.1
260 _aالقاهرة :
_bالمجلس الاعلى للثقافة،
_c2007
300 _a120ص. :
_bايض. ؛
_c24 سم.
650 0 7 _2qrmak
_aالتعليم
_vالجماعات الضاغطة
_zمصر
651 _2qrmak
700 0 _aسامة نصار
_eمقدم
942 _2ddc
_cBK